000 00633nam a2200229Ia 4500
003 OSt
005 20221007063500.0
006 a|||||r|||| 00| 0
007 ta
008 221006b |||||||| |||| 00| 0 eng d
024 _a27,921
037 _cTextual
040 _aFLL
_cFLL
_beng
041 _2eng
_aeng
082 _aZ73:2:1y7, J8
100 _aMechem Philip
_9684343
245 0 _aCases and materials on future interests
260 _aBrooklyn
_bThe Foundation Press, Inc. Brooklyn
_c1958
300 _axix,406p
_ccm.
942 _hZ73:2:1y7, J8
_cTEXL
_2CC
999 _c1131351
_d1131351